Grey's Anatomy Trivia - Statistics

General Stats
  • This quiz has been taken 6,665 times
  • The average score is 8 of 15
Answer Stats
Trivia Question Answer % Correct
Who did Richard Weber cheat on his wife with? Ellis Grey
84%
Which intern failed their intern test by 1 point? George
81%
Which intern was pregnant at 16? Izzie
72%
Izzy cuts what in order to save her boyfriend lvad wire
72%
What pattern is Derek Shepherd's scrub cap Ferry boat
70%
What does Cristina Yang call Alex Karev Evil spawn
67%
What is Derek Shepherd's catchphrase It's a beautiful day to save lives
62%
Who was the first doctor to get shot in the hospital shooting? Reed
58%
Teddy marries who, in order to give him health insurance Henry
57%
Derek and Meredith's wedding was called what? Post it
52%
What was the name of April and Jacksons baby? Samuel
48%
Jackson Avery and Mark Sloan were called the Plastics Posse
44%
Where did Meredith Grey go to college Dartmouth
43%
Who is Dr. McHardCore Erica Hahn
7%
What is the first episode called? It's a hard days night
2%
No matching quizzes found
Score Distribution
Percent of People with Each Score
Percentile by Number Answered
Your Score History
You have not taken this quiz